India: primary census abstract for scheduled castes (Record no. 508473)

000 -LEADER
fixed length control field 00449cam a22001337a 4500
008 - FIXED-LENGTH DATA ELEMENTS--GENERAL INFORMATION
fixed length control field 180718b1994 xxu||||| |||| 00| 0 eng d
082 ## - DEWEY DECIMAL CLASSIFICATION NUMBER
Classification number A81x54 In2/81/26Paper-1/1983
100 ## - MAIN ENTRY--PERSONAL NAME
Personal name Census of India 1981
9 (RLIN) 3816
245 ## - TITLE STATEMENT
Title India: primary census abstract for scheduled castes
260 ## - PUBLICATION, DISTRIBUTION, ETC. (IMPRINT)
Place of publication, distribution, etc New Delhi
Name of publisher, distributor, etc Director of Census Operations
Date of publication, distribution, etc 1983
300 ## - PHYSICAL DESCRIPTION
Extent v.p.
440 ## - SERIES STATEMENT/ADDED ENTRY--TITLE
Title Census of India 1981. Series-26, India. Paper 1 of 1983
9 (RLIN) 3817
942 ## - ADDED ENTRY ELEMENTS (KOHA)
Source of classification or shelving scheme
Holdings
Withdrawn status Lost status Source of classification or shelving scheme Damaged status Koha normalized classification for sorting Not for loan Permanent location Current location Date acquired Full call number Barcode Date last seen Price effective from Koha item type
        A_81X54_IN2_81_000000000000000_26PAPER1_1983   Indian Institute of Public Administration Indian Institute of Public Administration 2019-03-27 A81x54 In2/81/26Paper-1/1983 GG33440 2019-03-27 2019-03-27 GG

Powered by Koha